• 首页
  • 本馆介绍
  • 公告通知
  • 最新文献
  • 馆藏检索
  • 电子资源
  • 读者导购
  • 参考咨询
  • 我的图书馆
  • 登录
  • 详细信息显示
  • 放入我的书架
  • 预约/预借图书
  • 作者相关作品
  • 分类相关作品
  • 丛书相关作品
  • 出版社相关作品

书目信息

  • 表格格式
  • 工作单格式
  • 卡片格式
题名:
河北塞罕坝林场
    
 
作者: ;中共中央宣传部宣传教育局 编
分册:  
出版信息: 北京   学习出版社  2017
页数: 221页
开本: 24cm
丛书名:
单 册:
中图分类: K826.3=73
科图分类:
主题词: 国营林场--先进工作者--先进事迹--河北--承德县
电子资源:
ISBN: 978-7-5147-0824-0
000 00920nam0 2200229 450
001 012001001181
005 20140920091302.0
010    @a978-7-5147-0824-0@dCNY45.00
100    @a20180217d2017 em y0chiy50 ea
101 0  @achi
102    @aCN@b110000
105    @aa z 000yd
106    @ar
200 1  @a河北塞罕坝林场@9He Bei Sai Han Ba Lin Chang@f中共中央宣传部宣传教育局编
210    @a北京@c学习出版社@d2017
215    @a221页@c图,照片@d24cm
330    @a本书收录了人民日报、新华社及中央电视台等媒体的报道文章、视频节目,通过图文并茂、链接网络媒体的方式,多侧面地呈现了塞罕坝建设者们的感人事迹,彰显了牢记使命、艰苦创业、绿色发展的塞罕坝精神。
606 0  @a国营林场@x先进工作者@x先进事迹@y河北@y承德县
690    @aK826.3=73@v5
711 02 @a中共中央宣传部宣传教育局@9Zhong Gong Zhong Yang Xuan Chuan Bu Xuan Chuan Jiao Yu Ju@4编
801  0 @aCN@b上海新华@c20180901
905    @b1155996-00@dK826.3=73@e94@f5
    
    河北塞罕坝林场/中共中央宣传部宣传教育局编.-北京:学习出版社,2017
    221页:图,照片;24cm
    
    
    ISBN 978-7-5147-0824-0:CNY45.00
    本书收录了人民日报、新华社及中央电视台等媒体的报道文章、视频节目,通过图文并茂、链接网络媒体的方式,多侧面地呈现了塞罕坝建设者们的感人事迹,彰显了牢记使命、艰苦创业、绿色发展的塞罕坝精神。
●
相关链接 在E读中查询图书 在五车中查询图书 在当当中查询图书 在豆瓣中查询图书


正题名:河北塞罕坝林场     索取号:K826.3=73/94         预约/预借

序号 登录号 条形码 馆藏地/架位号 状态 备注
1 1155996   211559963   第二样本阅览室/ [索取号:K826.3=73/94] 在馆    
2 1155997   211559972   第二借阅区/ [索取号:K826.3=73/94] 在馆    
3 1155998   211559981   第二借阅区/ [索取号:K826.3=73/94] 在馆    
4 1155999   211559990   第二借阅区/ [索取号:K826.3=73/94] 在馆    
5 1156000   211560005   密集书库-资源管理系/ [索取号:K826.3=73/94] 在馆    
唐山师范学院图书馆 欢迎您!
大连网信软件有限公司© 版权所有